000 01105nam a22002177a 4500
999 _c57627
_d57627
003 Ge_BSU
005 20200819134132.0
008 200819s2018 ge ||||| |||| 00| 0 geo d
020 _a9789941960758
041 _ageo
080 _a347.7 ა-45
100 _aალანია , გიმზერ
_99260
245 _aბიზნესის სფეროში ჩადენილი თაღლითობის გამოძიების მეთოდიკა :
_cგიმზერ ალანია; რედ, შ. ფაფიაშვილი.
264 _aთბილისი :
_bიურისტის სამყარო,
_c2018.
300 _a248 გვ.,
_b21 სმ.
504 _aბიბლიოგრ. გვ.239-248
653 _aდანაშაული საზოგადოებრივი რწმენის, მორალისა და ოჯახის წინააღმდეგ
653 _aსამართალი
700 _aფაფიაშილი, შ.
_eრედაქტორი
_99261
942 _2udc
_cBK